| 000 | 01843nam a22001577a 4500 | ||
|---|---|---|---|
| 041 | _aukr | ||
| 080 | _a09 | ||
| 090 | _bПЕТ | ||
| 100 | _aПетровська, І. І. | ||
| 245 | _aСтруктурний аналіз сонетарію і трагедії "Ромео і Джульєтта" Вільяма Шекспіра | ||
| 260 |
_aОстрог _bКАФ _c2015 |
||
| 300 | _a63 | ||
| 520 |
_aВступ.
Розділ І. Особливості сонету і трагедії доби Відродження.
1.1. Філософсько-естетичні ідеї епохи Відродження
1.2. Композиційні та змістовні особливості ренесансного сонету
1.3. Стан розвитку ренесансної трагедії
Розділ ІІ. Структурні особливості ренесансного сонету і трагедії "Ромео і Джульєтта" В. Шекспіра.
2.1. Жанр сонету у його прогресії. Ірреальне і реальне в сонетах В. Шекспіра
2.2. Структурна специфіка трагедії В. Шекспіра "Ромео і Джульєтта"
Розділ ІІІ. Аналіз елементів сонетарної спадщини В. Шекспіра в рядках трагедії "Ромео і Джудьєтта".
3.1. Структурні вкраплення сонету в трагедію В. Шекспіра "Ромео та Джульєтта"
3.2. Ідентичність образів у сонетах та трагедії
Висновки.
Список використаних джерел. _0літературознавство, Відродження, сонет, трагедія |
||
| 650 | _aResearch Papers | ||
| 999 |
_c285520 _d285520 |
||
| 942 | _cBK | ||